000 01148nam a2200337 c 4500
999 _c343571
_d343571
003 BLK
005 20191001110022.0
008 180911b bul|||||r ||||||| ||bul||
010 _a003232
040 _aBLK
041 _aDEU
_cBUL
080 _z830-1
100 1 _aHARTMANN von Aue, Eduard
_eпърви автор
_9397533
245 0 0 _aDer arme Heinrich
246 _pлирика-народни песни
260 _aLeipzig
_bPhilipp Reclam
_cs.a
300 _a51, 32 с
_c14 см
380 _a82
490 _aUniv.-Bibl.
490 _aЧастна колекция - Академик Михаил Арнаудов
_gДарение - Основен фонд
500 _aМихаил Арнаудов: негови-книга. - Михаил Арнаудов: подпис. - Датиране на книгата : ХI. 98.
520 _a
653 _aлирика
653 _aнародни песни
655 _aнемска литература
_9396397
700 1 _aE. Hartmann von der Aue
_9397534
700 1 _a Aus dem Mittelhochdeutsch ubers. von Hans von Wolzogen
_9397535
852 _aМА 843
942 _cKNG
_n0
_s1
944 _aCR
_c1996
_kValK
999 _d343571